01312nas a2200241Ia 4500001001100000003001000011008004100021040002500062041001300087100002500100210002800125222002800153245006200181250001100243260008700254300001100341310001200352362003400364500027200398501011400670520027200784650001401056R050-S1208IT-CnALBA170116c99999999xx |||||||||||| ||und|| aIT-CnALBAcIT-CnALBA aITALIANO aQUAGLINI MARIA AGNES aCATECHISTI PARROCCHIALI aCATECHISTI PARROCCHIALI 0aCATECHISTI PARROCCHIALI. VIA VERITÀ VITA. APRILE 1968.  a1a ed. a ROMAbCENTRO CATECHISTICO PAOLINO c1968 [1° Ed.:1968 - Ed.Ling.Originale: 1968] a32 p.  aMENSILE aFascicolo: 4 / Anno: 5 (1968) aIL NOSTRO PASSAGGIO. TEMPO LITURGICO, PASQUA. DIALOGO PER CORRISPONDENZA. FERORNATO. CANONE MESSA IN ITALIANO. MIGNOLLI M. CATECHISMO TEMPI LITURGICI, PIGNATIELLO. TESTIMONI DELLA PAROLA DI DIO. BATTISTELLA. LITURGIA. GALLIANO A. M. VEGLIA. GRAZIOSO A. SEGNALAZIONI.  aSocietà San Paolo EM - Piazza San Paolo, 14 - 12051 ALBA (CN) (non commercial uses only) ® Copyright 2017 aIL NOSTRO PASSAGGIO. TEMPO LITURGICO, PASQUA. DIALOGO PER CORRISPONDENZA. FERORNATO. CANONE MESSA IN ITALIANO. MIGNOLLI M. CATECHISMO TEMPI LITURGICI, PIGNATIELLO. TESTIMONI DELLA PAROLA DI DIO. BATTISTELLA. LITURGIA. GALLIANO A. M. VEGLIA. GRAZIOSO A. SEGNALAZIONI.  aCATECHESI